ANATOMY & MORPHOLOY OF THE MANDIBLE WITH VARIOUS IMPLANT MODALITIES (Record no. 4526)

MARC details
000 -LEADER
fixed length control field 00373nam a2200145Ia 4500
008 - FIXED-LENGTH DATA ELEMENTS--GENERAL INFORMATION
fixed length control field 150201s2011 xx 000 0 und d
082 ## - DEWEY DECIMAL CLASSIFICATION NUMBER
Classification number 611
Item number A2011L
100 ## - MAIN ENTRY--PERSONAL NAME
Personal name LINKOW,LERARD
245 ## - TITLE STATEMENT
Title ANATOMY & MORPHOLOY OF THE MANDIBLE WITH VARIOUS IMPLANT MODALITIES
250 ## - EDITION STATEMENT
Edition statement 1ST
260 ## - PUBLICATION, DISTRIBUTION, ETC. (IMPRINT)
Name of publisher, distributor, etc. AITBS
Place of publication, distribution, etc. DELHI
Date of publication, distribution, etc. 2011
300 ## - PHYSICAL DESCRIPTION
Extent 1-354
650 ## - SUBJECT ADDED ENTRY--TOPICAL TERM
Topical term or geographic name as entry element ANATOMY
942 ## - ADDED ENTRY ELEMENTS (KOHA)
Source of classification or shelving scheme Dewey Decimal Classification
Koha item type Books
Holdings
Withdrawn status Lost status Source of classification or shelving scheme Damaged status Not for loan Home library Current library Date acquired Source of acquisition Cost, normal purchase price Serial Enumeration / chronology SGTU Bill Number Total Checkouts Full call number Barcode Date last seen Bill Date Koha item type Date last checked out
    Dewey Decimal Classification     SGT Dental Library SGT Dental Library 29/10/2010 U.B.S.DELHI 795.00 1 SGTU 620   611 A2011L FD6229 09/02/2015 01/04/2013 Books  
    Dewey Decimal Classification     SGT Dental Library SGT Dental Library 29/10/2010 U.B.S.DELHI 795.00 1 SGTU 620 4 611 A2011L FD6230 02/07/2019 01/04/2013 Books 18/06/2019
    Dewey Decimal Classification     SGT Dental Library SGT Dental Library 29/10/2010 U.B.S.DELHI 795.00 1 SGTU 620 1 611 A2011L FD6231 08/01/2019 01/04/2013 Books 08/01/2019